000 00754nam a2200253Ia 4500
003 OSt
005 20220928124125.0
006 a|||||r|||| 00| 0
007 ta
008 220927b |||||||| |||| 00| 0 eng d
020 _cUKP 65.00
024 _a134874
037 _b60, 21/02/2017, Classic Book Service
_cTextual
040 _aSDCL
_cSDCL
_beng
041 _2eng
_aeng
082 _aO-(V73), Q5
100 _aKollin Susan Ed.
_9463447
245 0 _aHistory of western american literature
260 _aNew York
_b Cambridge University Press
_c2015
300 _axv,413p.
_ccm.
650 _aEnglish
942 _hO-(V73), Q5
_cTEXL
_2CC
999 _c776354
_d776354